Statistieken voor Landen van Europa #1

Klik hier om de quiz te nemen!

Algemene statistieken

  • Deze quiz is 629 keer genomen
    (618 sinds de laatste reset)
  • De gemiddelde score is 15 van 20

Antwoordstatistieken

Antwoord% Correct
Spanje
99%
België
98%
Noorwegen
88%
IJsland
86%
Ierland
86%
Denemarken
83%
Finland
82%
Polen
79%
Oekraine
78%
Cyprus
75%
Bosnië en Herzegovina
72%
Estland
69%
Albanië
69%
Monaco
68%
Litouwen
62%
Slovakije
61%
Slovenië
60%
Wit-Rusland
56%
San Marino
52%
Liechtenstein
50%

Scoreverdeling

Percentiel versus Aantal Correcte Antwoorden

Procent van Mensen met Elke Score

Uw Scoregeschiedenis

U heeft deze quiz nog niet genomen sinds de laatste reset